NBA MVPs in Order - Statistics

General Stats
  • This quiz has been taken 96 times
  • The average score is 53 of 70
Answer Stats
Hint Answer % Correct
2025 Shai Gilgeous-Alexander
100%
2024 Nikola Jokic
98%
2020 Giannis Antetokounmpo
94%
2018 James Harden
94%
2023 Joel Embiid
94%
2014 Kevin Durant
94%
2013 LeBron James
94%
2022 Nikola Jokic
94%
2017 Russell Westbrook
94%
2016 Steph Curry
94%
2015 Steph Curry
94%
2012 LeBron James
92%
2008 Kobe Bryant
90%
2006 Steve Nash
90%
2019 Giannis Antetokounmpo
88%
2010 LeBron James
88%
2021 Nikola Jokic
88%
2005 Steve Nash
88%
2001 Allen Iverson
86%
2011 Derrick Rose
86%
2003 Tim Duncan
86%
2009 LeBron James
84%
1998 Michael Jordan
84%
1996 Michael Jordan
84%
1992 Michael Jordan
84%
2002 Tim Duncan
84%
1988 Michael Jordan
82%
2000 Shaquille O'Neal
82%
1994 Hakeem Olajuwon
80%
2004 Kevin Garnett
80%
1984 Larry Bird
80%
1991 Michael Jordan
80%
1997 Karl Malone
78%
1986 Larry Bird
78%
1985 Larry Bird
78%
1987 Magic Johnson
78%
1995 David Robinson
76%
2007 Dirk Nowitzki
76%
1999 Karl Malone
76%
1990 Magic Johnson
76%
1993 Charles Barkley
73%
1989 Magic Johnson
73%
1977 Kareem Abdul-Jabbar
71%
1976 Kareem Abdul-Jabbar
71%
1974 Kareem Abdul-Jabbar
71%
1971 Kareem Abdul-Jabbar
71%
1983 Moses Malone
69%
1967 Wilt Chamberlain
69%
1966 Wilt Chamberlain
69%
1972 Kareem Abdul-Jabbar
67%
1968 Wilt Chamberlain
67%
1965 Bill Russell
65%
1963 Bill Russell
65%
1962 Bill Russell
65%
1961 Bill Russell
65%
1980 Kareem Abdul-Jabbar
65%
1957 Bob Cousy
63%
1981 Julius Erving
63%
1982 Moses Malone
61%
1956 Bob Pettit
59%
1970 Willis Reed
59%
1960 Wilt Chamberlain
59%
1978 Bill Walton
57%
1964 Oscar Robertson
57%
1958 Bill Russell
53%
1975 Bob McAdoo
53%
1959 Bob Pettit
53%
1973 Dave Cowens
53%
1969 Wes Unseld
53%
1979 Moses Malone
45%
No matching quizzes found
Score Distribution
Percent of People with Each Score
Percentile by Number Answered
Your Score History
You have not taken this quiz